000 01388nam a2200301 4500
005 20240530110340.0
008 141102s2011 LE dj gr 001 0dARA d
020 _a9789953823690
040 _aEG-CaGPL
082 0 4 _221
_a321.8\
_bإ ت
100 0 _aابراهيم البدوى
_eمحرر
245 1 0 _aتفسير العجز الديمقراطى فى الوطن العربى /
_cتحرير ابراهيم البدوى ، سمير المقدسى ؛ ترجمة حسن عبدالله بدر
260 _aبيروت :
_bمركز دراسات الوحدة العربية ،
_c2011
300 _a495 ص :
_bايض ؛
_c24 سم
490 _aوقفية جاسم القطامى للديمقراطية وحقوق الانسان
650 0 4 _aالديمقراطية
_zالعالم العربى
650 0 4 _aالديمقراطية
_zلبنان
650 0 4 _aالديمقراطية
_zسوريا
650 0 4 _aالديمقراطية
_zالجزائر
650 0 4 _aالديمقراطية
_zالعراق
650 0 4 _aالديمقراطية
_zمصر
650 0 4 _aالديمقراطية
_zالسودان
651 0 4 _aالعالم العربى
_xالاحوال السياسية
700 0 _aسمير المقدسى
_eمحرر
700 _aحسن عبدالله بدر
_eمترجم
942 _2ddc
_cBK
999 _c59857
_d59857